000 00219 a2200097 4500
001 18963
100 _aClayton, A E
245 _aPerformance & design D C machines
260 _a
_bMc Graw Hill
_c
090 _c14051
_d14051
942 _aNUST-CAE
_cM
_c4505
999 _c254036
_d254036